Piłkarze Wybrzeża Kości Słoniowej - nagła śmierć - Statystyki

Ogólne statystyki
  • Ten quiz został rozwiązany 39 razy
  • Średni wynik to 8 z 12
Answers on the Grid
Answers color-coded by a green-red scale on the quiz's grid according to % correct below.
Asamoah Gyan
Didier Drogba
Salomon Kalou
Bertrand Traoré
Yaya Touré
Wilfried Zaha
Seydou Keita
Wilfried Bony
Nicolas Pépé
Aurélien Chedjou
Simon Adingra
Franck Kessié
John Obi Mikel
Sébastien Haller
Cheik Tioté
Karl Toko Ekambi
Gervinho
Mario Lemina
Serge Aurier
Demba Ba
 
Statystyki odpowiedzi
Odpowiedź % Poprawnych
Didier Drogba
91%
Yaya Touré
76%
Nicolas Pépé
70%
Serge Aurier
70%
Wilfried Zaha
70%
Franck Kessié
67%
Gervinho
67%
Sébastien Haller
67%
Salomon Kalou
61%
Wilfried Bony
58%
Cheik Tioté
36%
Simon Adingra
24%
Nie znaleziono quizów pasujących do podanych kryteriów
Rozkład punktacji
Procent ludzi z każdym wynikiem
Percentyl według liczby udzielonych odpowiedzi
Twoja historia wyników
Nie rozwiązałeś tego quizu